Riconosci il Pokémon - Quiz n°913 - Statistics

Statistiche generali
  • Questo quiz è stato fatto 3 volte
  • Il punteggio medio è 10 su 10
Statistiche sulle risposte
Indizio Risposta % Corretto
Altezza 0,9 m
100%
Tasso di cattura 30 (8.8%)
100%
Peso 34,0 kg
100%
Abilità Adattabilità; Download; Ponderazione
100%
Tasso di allevamento Medio-Veloce
100%
Tipo Normale
100%
Generazione Quarta
100%
Sesso Sconosciuto
100%
Stadio evoluzione Seconda evoluzione
100%
Pokémon Porygon-Z
67%
Nessun quiz corrispondente trovato
Distribuzione punteggi
Percentuale di utenti per punteggio
Percentile per numero di risposta
I tuoi punteggi nel tempo
Non hai fatto questo quiz